01247nam a2200349Ic 450000100060000000300100000600500170001600700030003300800410003602000180007704000350009504100080013008200160013810000410015424500790019525000220027426400430029630000210033933600270036033700330038733800280042050000570044852100380050565000420054365000330058565000340061865000500065270000350070294200120073799900170074995201310076658124CO-BoRNBP20250815223639.0ta180815s2016 mx g 000 0 spa  a9786074005462 aCO-BoRNBPbspaerdacCO-BoRNBP aspa04a028.9bM15l aManguel, Alberto,d1948-eaut94286810aLecturas sobre la lectura /cAlberto Manguel ; tradujo Juan Elías Tovar. aPrimera edición 1aMéxico :bOcéano Travesía,c2016 a499 [1]páginas atextobtxt2rdacontent asin mediaciónbn2rdamedia avolumenbnc2rdacarrier aIncluye datos biográficos del autor en las solapas aRecomendado para público adulto07aDesarrollo de la lectura2lemb92372507aLibros y lectura2LEMB9193207aLibrosxhistoria2LEMB95975507aLiteraturaxhistoria y crítica2lemb962505 aTovar Cross, Juan Elias939854 2ddccBK c58124d58124 00102ddc40708GENaMEMAPJGAbMEMAPJGAcGENd2025-08-15l0o028.9 M15lpMPJG00543r2025-08-15 22:36:59tEj.1w2025-08-15yBK